Normal view
MARC view
Entry Nome pessoal
001 - NÚMERO DE CONTROLE
- campo de controle: 1668
003 - IDENTIFICADOR DO NÚMERO DE CONTROLE
- campo de controle: DLC
005 - DATA E HORÁRIO DA ÚLTIMA TRANSAÇÃO
- campo de controle: 20251201103830.0
008 - CAMPO DE DADOS FIXOS
- campo de controle de tamanho fixo: 070703n| azannaabn |a aaa
010 ## - NÚMERO DE CONTROLE DA LIBRARY OF CONGRESS
- Número de controle da LC: n 2007214456
040 ## - FONTE DA CATALOGAÇÃO
- Instituição da catalogação original: DLC
- Idioma da catalogação: eng
- Fontes convencionais de descrições de dados: rda
- Instituição que transcreveu o registro: DLC
- Instituição que modificou o registro: DLC
100 1# - CABEÇALHO--NOME PESSOAL
- Nome pessoal: Logullo, Eduardo
400 1# - REMISSIVA VER--NOME PESSOAL
- Nome pessoal: Eduardo Logullo
670 ## - FONTE POSITIVA DOS DADOS
- Citação da fonte positiva dos dados: Logullo, Eduardo. Maysa, 2007:
- Dados encontrados na fonte localizada no subcampo: t.p. (Eduardo Logullo)